000 00493nam a22001577a 4500
003 OSt
005 20151207163930.0
008 151207b xxu||||| |||| 00| 0 eng d
040 _cRUA
082 _aATM មុំ 1991 B189 Or.1
100 _94493
_aមុំ, សុផល
245 _aការកែលំអរនង្គ័លថាស៧បំពាក់ជាមួយត្រាក់ទ័រ
260 _aPhnom Penh
_bRUA
_c1991
300 _a52p.
_bill.
_c29cm.
942 _2ddc
_cATM
999 _c4188
_d4188